000 00234nam a22001217a 4500
041 _aENG
100 _aRangwala
245 _aTown Planning
260 _aAnand
_bCharotar PUB
_c1996
300 _a295
650 _aGAE
856 _uGAE
999 _c599
_d599